แสดงรายละเอียดบรรณานุกรม
  กลับหน้าหลัก

Brief Record : Get Marc (ISO 2709) : E-mail record : QR code ปิดหน้าต่าง
E-books : เกี่ยวกับ Collections
LEADER 00000nam 2200000uu 4500
001    213377
003     ULIBM
008    230625s||||||||th 000 0 tha d
020    ^a9786167174020
050  4 ^aBQ5630.V5^bบ273ป 2565
100    ^aพระธรรมวิสุทธิมงคล (บัว ญาณสัมปันโน)
245 10 ^aปฏิปทา พระธุดงคกรรมฐาน สายพระอาจารย์มั่น ภูริทัตโต /^cเรียบเรียงโดย พระธรรมวิสุทธิมงคล (บัว ญาณสัมปันโน)
260    ^aกรุงเทพฯ:^bศิลป์สยามบรรจุภัณฑ์และการพิมพ์ จำกัด,^c2565[2022]
300    ^a358 หน้า: ^bภาพประกอบ(ภาพสีบางภาพ); ^c21 ซม.
650  4 ^aพระอาจารย์มั่น ภูริทัตโต
650  4 ^aพระธุดงค์
650  4 ^aวิปัสสนากรรมฐาน
650  4 ^aธรรมะ
999    ^aใช้งานได้ทุกระบบ
รายการนี้ยังไม่มีแท็ก
คุณยังไม่ได้ล็อกอิน คุณสามารถมีกิจกรรมร่วมกับเว็บไซต์ได้ แต่ต้องล็อกอินก่อน ::
  ล็อกอิน
ลำดับที่ ประเภท เลขเรียก สถานที่ สถานะ
1. หนังสือทั่วไป
หนังสือทั่วไป
BQ5630.V5 บ273ป 2565 ฉ.1 
  
หนังสือทั่วไป On Shelf
  ขอยืม
Note:บริจาค
2. หนังสือทั่วไป
หนังสือทั่วไป
BQ5630.V5 บ273ป 2565 ฉ.2 
  
หนังสือทั่วไป On Shelf
  ขอยืม
Note:บริจาค
   [แสดง 2/2 รายการ]

รายการใกล้เคียง
    หัวเรื่อง [ธรรมะ]

BibComment


ยังไม่เคยถูกคอมเมนท์

คอมเมนท์ทรัพยากรรายการนี้
  คอมเมนท์: ปฏิปทา พระธุดงคก..
Bib 213377

 
 
 

 Union Library Management : ULibM
Copyright 2026. All Rights Reserved.
скачать бесплатно без регистрации порно красивый секс HD Sex Hindi sex

xxx gou

xxxx

bfxxx

xxxwww

Секса Видео

xxxx

Секса Видео

detube

geilexxx

C99 Shell

worms shell

blod xxx video
Ebony Coed Rihanna Rimes Takes A Dick In Her Young Twat priyaa indian fuck anal and pusssy hardcore indian women xxx desi hardcore fucking part 1 bengalixxxcouple